000 00561nam a2200217Ia 4500
005 20250326144358.0
008 250326s9999 xx 000 0 und d
020 _a0-415-24391-2
037 _aTextbook
040 _aFMSL
_beng
_cFMSL
041 _aeng
_2eng
084 _aX:513 P2
_qFMSL
100 _aBrierley Sean
_9324709
245 0 _aAdvertising handbook
_cBrierley Sean
250 _a2
260 _aLondon
_bLondon, Routledge
_c2002
300 _a297p
365 _b1400.8923
942 _cTB
_hX:513 P2
999 _c1303493
_d1303493